01279nam a22002657a 4500999001700000003000900017008004100026040007100067082002400138100002200162245010600184260003700290300004300327440005500370505026500425650002100690650002300711650003300734700003000767700004200797700003900839942001600878945002100894952009800915 c18933d18933AR-CdUCM190515b ||||| |||| 00| 0 spa d aMUNICIPALIDAD PROVINCIAL DEL CUSCOcBIBLIOTECA MUNICIPAL DEL CUSCO 26ed.a372.11 /bF51 aFilho, Lourenço aTest ABC :bde verificación de la madurez necesaria para el aprendizaje de la lectura y escritura / aBuenos Aires :bKapelusz,c1960. aXVI, 239 páginas ;bcuadros,c21 cm. aBiblioteca de Psicología Contemporánea.935689 aContenido: Alfabeto y educación -- Localización del problema -- Cómo ha sido encarada la cuestión -- Nueva manera de proponer la cuestión -- El juzgamiento empírico de la edad escolar inicial -- Investigaciones relativas a la edad cronológica ... aEducación9460 aPsicología91538 aPruebas psicológicas97330 aForgione, José D.98942 aMira, Montserrat (traductores)939858 aNelson, Ernesto (prólogo)939859 2ddccLIBROS aachld2019-05-15 002ddc4070aSHbSHcCARTd2019-05-15g35.00o372.11 / F51pSH0000013852r2019-05-15yLIBROS